Top 50 greatest guitar riffs of all time - Statistics

General Stats
  • This quiz has been taken 188 times
  • The average score is 18 of 50
Answer Stats
Rank Artist Song % Correct
2 Ozzy Osbourne Crazy Train
84%
4 Deep Purple Smoke on the Water
83%
3 AC/DC Back in Black
78%
17 Nirvana Smells Like Teen Spirit
77%
6 Metallica Enter Sandman
71%
21 Pink Floyd Money
67%
19 Lynyrd Skynyrd Sweet Home Alabama
63%
7 Black Sabbath Iron Man
61%
13 Dire Straits Money for Nothing
60%
8 Pantera Walk
60%
23 Michael Jackson Beat It
59%
11 Derek & the Dominos Layla
59%
35 Guns n' Roses Sweet Child O' Mine
58%
30 The White Stripes Seven Nation Army
55%
10 The Jimi Hendrix Experience Purple Haze
51%
12 Chuck Berry Johnny B. Goode
50%
16 Rage Against the Machine Killing In the Name
50%
28 Blue Öyster Cult (Don't Fear) The Reaper
46%
14 Cream Sunshine of Your Love
46%
1 Led Zeppelin Whole Lotta Love
46%
9 ZZ Top La Grange
42%
33 The Kinks You Really Got Me
41%
25 Aerosmith Walk this Way
38%
27 Heart Barracuda
37%
26 Judas Priest Breaking the Law
36%
22 Motörhead The Ace of Spades
35%
39 Steppenwolf Born to Be Wild
30%
34 Alice in Chains Man in the Box
28%
32 Thin Lizzy The Boys Are Back In Town
28%
40 Pearl Jam Alive
25%
20 The Rolling Stones I Can't Get No (Satisfaction)
25%
15 Megadeth Symphony of Destruction
25%
42 The Police Message in a Bottle
24%
44 Red Hot Chili Peppers Can't Stop
21%
36 Mountain Mississippi Queen
15%
5 Van Halen Ain't Talkin' 'Bout Love
14%
38 Slipknot Psychosocial
14%
43 Eagles Life in the Fast Lane
13%
18 Slayer Angel of Death
10%
48 Free All Right Now
7%
49 The Beatles Ticket to Ride
7%
31 TOOL Lateralus
6%
45 Queens of the Stone Age No One Knows
6%
29 Rush The Spirit of Radio
5%
24 Iron Maiden 2 Minutes to Midnight
4%
37 Stevie Ray Vaughan & Double Trouble Scuttle Buttin'
4%
47 Polyphia G.O.A.T
3%
46 Soundgarden Outshined
2%
41 Rainbow Stargazer
2%
50 Opeth Heir Apparent
1%
No matching quizzes found
Score Distribution
Percent of People with Each Score
Percentile by Number Answered
Your Score History
You have not taken this quiz